[Event "Zlin Region-chT 2223"]
[Site "Czech Republic"]
[Date "2023.01.29"]
[Round "7.7"]
[White "Krajicek, Matej"]
[Black "Simek, Viktor"]
[Result "1/2-1/2"]
[WhiteElo "1667"]
[BlackElo "1558"]
[PlyCount "86"]
[EventDate "2022.10.09"]
[EventType "team-tourn"]
[EventRounds "11"]
[EventCountry "CZE"]
[SourceTitle "EXT 2024"]
[Source "ChessBase"]
[SourceDate "2023.10.10"]
[SourceVersion "1"]
[SourceVersionDate "2023.10.10"]
[SourceQuality "1"]
[WhiteTeam "Borsice"]
[BlackTeam "Zlin II"]
[WhiteTeamCountry "CZE"]
[BlackTeamCountry "CZE"]

1. e4 e5 2. Nf3 Nc6 3. c3 Nf6 4. d4 exd4 5. e5 Nd5 6. Qb3 Nb6 7. cxd4 d5 8. a3 Be7 9. Bd3 Bg4 10. Be3 0-0 11. h3 Bh5 12. g4 Bg6 13. Bxg6 fxg6 14. Ng1 Na5 15. Qc3 Nac4 16. b3 Nxe3 17. Qxe3 Rc8 18. f4 c5 19. Nf3 cxd4 20. Nxd4 Bc5 21. Nd2 Qh4+ 22. Ke2 Bxd4 23. Qxd4 Qg3 24. Raf1 Rce8 25. Kd1 g5 26. fxg5 Qxe5 27. Rxf8+ Kxf8 28. Rf1+ Kg8 29. Qxe5 Rxe5 30. Rf5 Re3 31. Rf3 Re5 32. Rf5 Re3 33. Rf3 Rxf3 34. Nxf3 Kf7 35. Nd4 Nc8 36. Ke2 Nd6 37. Ke3 Ne4 38. h4 g6 39. Nb5 a6 40. Nc7 Nc3 41. Kd4 Nb1 42. Kxd5 Nxa3 43. Kc5 Nc2 1/2-1/2

[Event "Zlin Region-chT 2223"]
[Site "Czech Republic"]
[Date "2022.10.23"]
[Round "2.8"]
[White "Navratilik, Pavel"]
[Black "Simek, Viktor"]
[Result "1-0"]
[WhiteElo "2028"]
[BlackElo "1614"]
[PlyCount "97"]
[EventDate "2022.10.09"]
[EventType "team-tourn"]
[EventRounds "11"]
[EventCountry "CZE"]
[SourceTitle "EXT 2024"]
[Source "ChessBase"]
[SourceDate "2023.10.10"]
[SourceVersion "1"]
[SourceVersionDate "2023.10.10"]
[SourceQuality "1"]
[WhiteTeam "Postoupky Sokol"]
[BlackTeam "Zlin II"]
[WhiteTeamCountry "CZE"]
[BlackTeamCountry "CZE"]

1. d4 d5 2. c4 e6 3. Nc3 Nf6 4. Bg5 Be7 5. e3 0-0 6. Nf3 h6 7. Bh4 b6 8. cxd5 exd5 9. Bd3 Bb7 10. 0-0 Ne4 11. Bxe7 Qxe7 12. Rc1 Nd7 13. Qe2 Ndf6 14. Ne5 c5 15. f4 Rac8 16. Rfd1 Rfd8 17. Nxe4 Nxe4 18. Bxe4 dxe4 19. dxc5 Rxd1+ 20. Qxd1 Rxc5 21. Rxc5 Qxc5 22. Kf2 Qd5 23. Qxd5 Bxd5 24. a3 f6 25. Ng6 Kf7 26. f5 Ke8 27. Ke1 Kd7 28. Kd2 Bf7 29. Nf4 Kd6 30. Kc3 Ke5 31. g4 a5 32. b4 a4 33. b5 Bb3 34. h3 Bf7 35. Kb4 Bb3 36. Nh5 Bd1 37. Nxg7 Be2 38. Nh5 Bf1 39. Nf4 Kd6 40. h4 Ke5 41. Kxa4 Bd3 42. Kb4 Bc2 43. a4 Kd6 44. Nh5 Ke7 45. a5 bxa5+ 46. Kxa5 Bb3 47. b6 Bd5 48. Ka6 Ba8 49. b7 1-0

[Event "CZE-ch U16"]
[Site "Luhacovice"]
[Date "2022.03.16"]
[Round "6"]
[White "Mametev, Artem"]
[Black "Simek, Viktor"]
[Result "1/2-1/2"]
[WhiteElo "1848"]
[BlackElo "1527"]
[PlyCount "67"]
[EventDate "2022.03.12"]
[EventType "swiss"]
[EventRounds "9"]
[EventCountry "CZE"]
[SourceTitle "EXT 2023"]
[Source "ChessBase"]
[SourceDate "2022.10.05"]
[SourceVersion "1"]
[SourceVersionDate "2022.10.05"]
[SourceQuality "1"]

1. e4 e5 2. Nf3 Nc6 3. d4 exd4 4. Nxd4 Bc5 5. Nxc6 Qf6 6. Qd2 dxc6 7. Nc3 Be6 8. Na4 Rd8 9. Bd3 Bd4 10. 0-0 a6 11. Qa5 Qe5 12. Qxe5 Bxe5 13. Be3 Nf6 14. h3 0-0 15. Nc5 Bc8 16. f4 Bd4 17. Bxd4 Rxd4 18. Rad1 b6 19. c3 Rdd8 20. Nb3 c5 21. Bc2 Bb7 22. e5 Rxd1 23. Rxd1 Nd5 24. g3 Ne3 25. Rd2 Nxc2 26. Rxc2 Rd8 27. Rd2 Rxd2 28. Nxd2 Kf8 29. Kf2 Ke7 30. Ke3 Bg2 31. h4 Ke6 32. g4 Bh3 33. Kf3 h5 34. gxh5 1/2-1/2

[Event "CZE-ch U16"]
[Site "Luhacovice"]
[Date "2022.03.14"]
[Round "3"]
[White "Simek, Viktor"]
[Black "Zezula, Jakub"]
[Result "0-1"]
[WhiteElo "1527"]
[BlackElo "1891"]
[PlyCount "80"]
[EventDate "2022.03.12"]
[EventType "swiss"]
[EventRounds "9"]
[EventCountry "CZE"]
[SourceTitle "EXT 2023"]
[Source "ChessBase"]
[SourceDate "2022.10.05"]
[SourceVersion "1"]
[SourceVersionDate "2022.10.05"]
[SourceQuality "1"]

1. e4 e5 2. Nf3 Nc6 3. Bc4 Bc5 4. b4 Bxb4 5. c3 Be7 6. d4 Na5 7. Nxe5 Nxc4 8. Nxc4 d5 9. exd5 Qxd5 10. Ne3 Qd8 11. 0-0 Nf6 12. Nd2 0-0 13. Nf3 c6 14. Qc2 Re8 15. Rd1 Qc7 16. c4 h6 17. Bb2 Be6 18. Rac1 Rac8 19. Qb3 Qb6 20. d5 Qxb3 21. axb3 cxd5 22. cxd5 Rxc1 23. Bxc1 Bd7 24. d6 Bd8 25. Ba3 Bb6 26. Nc4 Bc6 27. Nxb6 axb6 28. h3 Nd7 29. Nd4 g6 30. Rc1 f5 31. Nxc6 bxc6 32. Rxc6 Kf7 33. Rc1 Ne5 34. Re1 Nf3+ 35. gxf3 Rxe1+ 36. Kg2 Ke6 37. Kg3 Rb1 38. d7 Kxd7 39. Bf8 Rxb3 40. Bxh6 Ke6 0-1

[Event "CZE-ch U10"]
[Site "Kouty nad Desnou"]
[Date "2017.03.14"]
[Round "5"]
[White "Simek, Viktor"]
[Black "Dolensky, Filip"]
[Result "1/2-1/2"]
[WhiteElo "1456"]
[BlackElo "1529"]
[PlyCount "98"]
[EventDate "2017.03.11"]
[EventType "swiss"]
[EventRounds "9"]
[EventCountry "CZE"]
[SourceTitle "CBM 177 Extra"]
[Source "ChessBase"]
[SourceDate "2017.04.27"]
[SourceVersion "1"]
[SourceVersionDate "2017.04.27"]
[SourceQuality "1"]

1. f4 c5 2. e4 Qc7 3. d3 e6 4. Nc3 a6 5. Nf3 Nc6 6. g3 Nge7 7. Bg2 g6 8. 0-0 Bg7 9. Be3 b6 10. Kh1 0-0 11. Qd2 d5 12. Bf2 Bb7 13. g4 Rad8 14. Bg3 Qd7 15. Nh4 dxe4 16. Nxe4 f5 17. gxf5 exf5 18. Nc3 Nd4 19. Rae1 Bxg2+ 20. Nxg2 Nd5 21. Ne3 Nxc3 22. bxc3 Qc6+ 23. Qg2 Qxg2+ 24. Kxg2 Nb5 25. c4 Nc3 26. a3 Bd4 27. Nd1 Nxd1 28. Rxd1 Rfe8 29. Rb1 Rd6 30. Rfe1 Rde6 31. Rxe6 Rxe6 32. Re1 Rxe1 33. Bxe1 b5 34. cxb5 axb5 35. c4 bxc4 36. dxc4 Kf7 37. Bf2 Bxf2 38. Kxf2 Ke7 39. Ke3 Kd6 40. Kd3 h6 41. h4 Kc6 42. Kc3 Kb6 43. Kb3 Ka5 44. Kb2 Ka4 45. Ka2 Ka5 46. Kb3 Kb6 47. Ka4 Ka6 48. Kb3 Ka5 49. a4 Kb6 1/2-1/2

[Event "CZE-ch U10"]
[Site "Kouty nad Desnou"]
[Date "2017.03.13"]
[Round "3"]
[White "Simek, Viktor"]
[Black "Brozka, Karel"]
[Result "0-1"]
[WhiteElo "1456"]
[BlackElo "1708"]
[PlyCount "108"]
[EventDate "2017.03.11"]
[EventType "swiss"]
[EventRounds "9"]
[EventCountry "CZE"]
[SourceTitle "CBM 177 Extra"]
[Source "ChessBase"]
[SourceDate "2017.04.27"]
[SourceVersion "1"]
[SourceVersionDate "2017.04.27"]
[SourceQuality "1"]

1. e4 c6 2. d4 d5 3. exd5 cxd5 4. Bd3 Nc6 5. Nf3 Bg4 6. c3 Nf6 7. Bf4 e6 8. 0-0 Bd6 9. Bxd6 Qxd6 10. Nbd2 0-0 11. Qc2 Rab8 12. Rae1 Bxf3 13. Nxf3 Rfc8 14. Qd2 b5 15. a3 a5 16. Ne5 b4 17. axb4 axb4 18. Nxc6 Rxc6 19. Rb1 bxc3 20. bxc3 Rbc8 21. Rfc1 g6 22. f3 Qc7 23. Rb3 Kg7 24. g3 Nd7 25. Bb5 Rb8 26. Bxc6 Rxb3 27. Bxd7 Qxd7 28. Qc2 Qb7 29. Qd3 Rb2 30. Rc2 Rb1+ 31. Kg2 Re1 32. Qd2 Qb1 33. Qf2 Rc1 34. Rxc1 Qxc1 35. Qe2 Qxc3 36. Qe5+ Kf8 37. f4 Ke7 38. Qg7 Qc2+ 39. Kg1 Qd1+ 40. Kg2 Qe2+ 41. Kg1 Qh5 42. Kg2 Qe2+ 43. Kg1 h5 44. Qh8 Qe4 45. Qg7 Qf5 46. Qh8 Qf6 47. Qc8 Qxd4+ 48. Kg2 Qe4+ 49. Kg1 Qc4 50. Qb7+ Kf6 51. Qb2+ d4 52. Kf2 Qc3 53. Qe2 d3 54. Qd1 Qc2+ 0-1